Музыкальные инструменты по их изображению - Statistics

General Stats
  • This quiz has been taken 25 times
  • The average score is 28 of 50
Answer Stats
Picture Answer % Correct
Рояль
100%
Гитара
100%
Скрипка
100%
Пианино
100%
Труба
100%
Аккордеон
100%
Барабан
100%
Балалайка
95%
Флейта
95%
Свисток
95%
Треугольник
91%
Гармоника
91%
Электрогитара
91%
Саксофон
86%
Орган
86%
Маракасы
82%
Бас-гитара
82%
Синтезатор
82%
Контрабас
82%
Бубен
77%
Укулеле
73%
Кларнет
73%
Цимбалы
73%
Виолончель
68%
Ксилофон
68%
Тромбон
64%
Барабанная установка
64%
Свистулька
55%
Горн
50%
Домбра
50%
Туба
45%
Клавесин
36%
Валторна
32%
Клаксон
32%
Кастаньеты
32%
Калимба
23%
Мандолина
23%
Тамтам
18%
Варган
14%
Терменвокс
14%
Бандура
14%
Ситар
9%
Сэмплер
9%
Казу
9%
Перкуссия
9%
Панфлейта
5%
Кобза
5%
Сякухати
5%
Мелофон
5%
Колотушка
5%
No matching quizzes found
Score Distribution
Percent of People with Each Score
Percentile by Number Answered
Your Score History
You have not taken this quiz